000 01743cam a2200169 4500500
005 20260111091216.0
041 _afre
042 _adc
100 1 0 _aFrank, Évelyne
_eauthor
245 0 0 _aPycke J., Sons, couleurs, odeurs dans la cathédrale de Tournai au 15e siècle. I. Édition du cérémonial et des ordinaires, suivi du commentaire (I) : les acteurs, les lieux et le mobilier liturgique, coll. Bibl. de la Revue d’Histoire Ecclésiastique 84, Louvain-la-Neuve / Bruxelles / Leuven, Collège Érasme / Nauwelaerts / Universiteitsbibliotheek, 2004, 25x16, 286 p., 35 €
260 _c2005.
500 _a91
520 _aLorsque l’œuvre poétique de Gérard Pfister dessine un parcours initiatique, le motif du vêtement en scande les étapes, de la pourpre au blanc, en passant par la nudité. C’est que l’habit, bien qu’extérieur à l’homme, dit son être, parle de sa vie intérieure. L’enjeu du parcours est un passage, de la peur de sa vulnérabilité à l’acceptation de son désir. Ceci advient dans un combat baptismal, que la confiance dénoue.
520 _aWhen Gérard Pfister’s poetical work delineates an initiatory course, the theme of the dress scans all its stages : from purple to white, through nudity. We mean that the dress, though exterior to man, expresses his very being and manifests his inner life. The stake of the course is a passage from fear of man’s vulnerabilty to acceptance of his desire. All this happens in a baptismal struggle, which is solved in trust.
786 0 _nNouvelle revue théologique | 127 | 2 | 2005-03-12 | p. 337d-339d | 0029-4845
856 4 1 _uhttps://shs.cairn.info/revue-nouvelle-revue-theologique-2005-2-page-337d?lang=fr&redirect-ssocas=7080
999 _c1620616
_d1620616